W Jakiej Dzielnicy/Wsi Znajduję Się Przystanek - Statystyki

Ogólne statystyki
  • Ten quiz został rozwiązany 19 razy
  • Średni wynik to 14 z 18
Statystyki odpowiedzi
Przystanek Odpowiedź % Poprawnych
Groty Bemowo
100%
Polskie Radio Mokotów
100%
Królikarnia Mokotów
100%
Dworzec Zachodni Ochota
100%
Karowa Śródmieście
100%
Poleczki Ursynów
100%
Dalibora Wola
100%
Nocznickiego Bielany
92%
Lubelska Praga-Południe
92%
Vogla Wilanów
92%
Eskulapów Rembertów
83%
Lalki Ursus
83%
Elbląska Żoliborz
83%
Gorzykowska Targówek
67%
Kusocińskiego Piaseczno
50%
Ogińskiego Piastów
42%
Kameralna Józefosław
33%
Sanktuarium Ożarów Mazowiecki
25%
Nie znaleziono quizów pasujących do podanych kryteriów
Rozkład punktacji
Procent ludzi z każdym wynikiem
Percentyl według liczby udzielonych odpowiedzi
Twoja historia wyników
Nie rozwiązałeś tego quizu